000 00276nam a2200121 i 4500
001 bg
245 0 _aMeżdunarodnyj elektrotechničeskij slovar.G.11.
260 _aMoskwa,
_c1963.
040 _cBPK
041 _apol
942 _cKS
008 s pl f |000 0 pol
999 _c8299
_d8299
856 _uhttp://koha.tu.koszalin.pl/cgi-bin/koha/opac-detail.pl?biblionumber=8299
_yKatalog online BPK